Hacia la personalidad: esencia, valor y derecho de la individualidad . Estudio antropológico
Saved in:
| Hovedforfatter: | |
|---|---|
| Format: | Bog |
| Sprog: | spansk |
| Udgivet: |
Salamanca
Sígueme
1969
|
| Serier: | Psyché A - 5
|
| Fag: | |
| Tags: |
Tilføj Tag
Ingen Tags, Vær først til at tagge denne postø!
|
MARC
| LEADER | 00000nam a2200000 a 4500 | ||
|---|---|---|---|
| 001 | UCZ7994 | ||
| 003 | CL-VaPUC | ||
| 008 | 960112e19690000SP |||||||||||||||||spa|d | ||
| 082 | 0 | 4 | |a 155.2 |b BER |2 21 |
| 100 | 0 | |a Bergmann, Hermann |e author |9 353062 | |
| 245 | 1 | 0 | |a Hacia la personalidad: esencia, valor y derecho de la individualidad . Estudio antropológico |
| 300 | |a 331 p | ||
| 942 | |c BK | ||
| 945 | |d 19960112 00:00:00 |a cmena | ||
| 260 | |a Salamanca |b Sígueme |c 1969 | ||
| 650 | 0 | |a Personalidad |9 307255 | |
| 650 | 0 | |a Psicología del desarrollo |9 307541 | |
| 650 | 7 | |a DESARROLLO DE LA PERSONALIDAD |2 CL-VaPUC |9 311216 | |
| 650 | 0 | |a Desarrollo individual |9 307875 | |
| 650 | 7 | |a INDIVIDUALIDAD |2 CL-VaPUC |9 268124 | |
| 650 | 7 | |a DIFERENCIA INDIVIDUAL |2 CL-VaPUC |9 334997 | |
| 583 | |a last modification |c 19960112 00:00:00 |k Rodrigo Vera | ||
| 490 | 0 | |a Psyché A - 5 | |
| 999 | |c 243964 |d 243962 | ||
| 952 | |0 0 |1 0 |4 0 |6 155_200000000000000_BER_1969 |7 0 |8 P |9 257853 |a BIBEDU |b BIBEDU |c BIBEDU_PB |d 2019-11-19 |i 1615084 |o 155.2 BER 1969 |p 1615084 |r 2024-01-25 |w 2019-11-19 |y BK |k EDU | ||